000 00641nam a2200229Ia 4500
003 OSt
005 20220927112738.0
006 a|||||r|||| 00| 0
007 ta
008 220926b |||||||| |||| 00| 0 eng d
024 _a151511
037 _cReports
040 _aRTL
_cRTL
_beng
041 _2eng
_aeng
082 _a"X9(J).252r, GD"
110 _a"United Nations, Provinces Agriculture (Deptt. of-)"
_9384084
245 0 _aReport on the administration
260 _c1923
700 _a"United Nations, Provinces Agriculture (Deptt. of-)"
_9384085
942 _h"X9(J).252r, GD"
_cCC
999 _c700559
_d700559